Statistiques concernant 🎶 Paroles "Ça n'se voit pas du tout" Anne Sylvestre

Cliquez ici pour prendre le quiz!

Statistiques générales

  • Ce quiz a été pris 6 fois
  • Le résultat moyen est 426 sur 484

Statistiques - réponses

Mots% Correct
à
100%
a
100%
A
100%
abris,
100%
ai
100%
aime
100%
assez
100%
beau
100%
bien
100%
c'
100%
ça
100%
Ça
100%
Ce
100%
ce
100%
Ces
100%
cette
100%
ceux
100%
coeur
100%
dans
100%
de
100%
De
100%
des
100%
Des
100%
dit
100%
du
100%
Elle
100%
elle
100%
en
100%
En
100%
Entre
100%
est
100%
Et
100%
et
100%
eu
100%
faire
100%
fait
100%
gens
100%
il
100%
Il
100%
ils
100%
Ils
100%
J'
100%
j'
100%
Jamais
100%
Je
100%
je
100%
l'
100%
la
100%
le
100%
Les
100%
les
100%
Leur
100%
leur
100%
lui
100%
m'
100%
ma
100%
mains
100%
Mais
100%
me
100%
même
100%
Moi,
100%
moment
100%
mon
100%
Mon
100%
monde
100%
n'
100%
ne
100%
nos
100%
nous
100%
nous,
100%
On
100%
on
100%
ou
100%
Ou
100%
100%
Oui,
100%
Par
100%
pas
100%
peu
100%
peut
100%
pour
100%
Pour
100%
Puis
100%
Qu'
100%
qu'
100%
Quand
100%
quand
100%
que
100%
qui
100%
Qui
100%
RMIstes
100%
s'
100%
sa
100%
sans-
100%
se
100%
seule
100%
son
100%
sont
100%
suis
100%
sur
100%
tout,
100%
tout
100%
tout...
100%
tout......
100%
très
100%
trop
100%
un
100%
Va
100%
vais
100%
voir
100%
voit
100%
vous
100%
vrais
100%
Y
100%
y
100%
adoption
67%
affaires
67%
âge
67%
air
67%
applique
67%
arranger
67%
aurais
67%
avait
67%
avorte
67%
bébé
67%
Car
67%
charité
67%
chômeurs
67%
choses
67%
croiriez
67%
croit
67%
décider,
67%
depuis
67%
dirait
67%
endroits
67%
enfants,
67%
enfants
67%
épicier
67%
espère
67%
étais
67%
était
67%
failli
67%
fauté
67%
fille
67%
filles
67%
fils
67%
flambeau
67%
foncé
67%
font
67%
garçons
67%
goûts
67%
grandes
67%
habitants ?
67%
hôpitaux
67%
idée
67%
impression,
67%
jeunes
67%
jure,
67%
lavent
67%
listes
67%
longtemps
67%
maison
67%
mariage
67%
marques
67%
meilleur
67%
mère
67%
métro
67%
mettre
67%
mieux
67%
mignon
67%
moindre
67%
moins
67%
occupée
67%
oeuvres
67%
parlent
67%
paroisse
67%
passe
67%
passer
67%
pauvres
67%
pervers
67%
peur
67%
porte
67%
présenter
67%
pressé
67%
prétendent
67%
prochain
67%
relogés
67%
remarque
67%
repose
67%
reprendre
67%
saurais,
67%
semblant ?
67%
sera
67%
sollicitée
67%
tromperait
67%
vêtements
67%
vexer
67%
viennent
67%
voisinage
67%
vraiment
67%
angoisse
33%
attraper
33%
autrefois
33%
beaucoup
33%
cap
33%
Couverts
33%
curieux
33%
déparaient
33%
détresses
33%
devait
33%
éprouver
33%
famille
33%
Fini
33%
franchement
33%
gêne
33%
généreux
33%
habillés
33%
handicap
33%
imagine
33%
immeubles
33%
imposent
33%
laisser
33%
lavande
33%
lève
33%
malin
33%
messe
33%
musique
33%
pathétique
33%
paysage
33%
pied
33%
polissés
33%
pouvait
33%
première
33%
Proliférer
33%
recherchant
33%
rechercher
33%
Reçoivent
33%
remplacés
33%
révoltée
33%
secourir
33%
sentent
33%
taudis
33%
tôt
33%
vermine
33%

Distribution des résultats

Percentile par nombre de réponses

% des personnes avec chaque résultat

Votre développement - résultats

Vous n’avez pas pris ce quiz